BIBLIOTHÈQUE DE LA MAISON DU MEXIQUE

Logo 1 Logo 2

Ensayos (notice nᵒ 2508)

détails MARC
000 -Sello discográfico
campo de control de longitud fija 00893nam a2200301 4500
005 - Identificación de versión
campo de control 20251016083329.0
035 ## - Otros números de control del sistema
Número de control del sistema 23374
099 ## - fechas locales
Tipo de ítem Koha LIBRO
100 ## - Datos de procesamiento general
Datos de procesamiento general 19980108d1977 m y1spay5003 ba
105 ## - Campo de datos codificados: Material textual, monográfico
Datos codificados de monografía a 001cy
200 1# - Título y mención de responsabilidad
Título propio Ensayos
Designación general del material texto impreso
Primer mención de responsabilidad Juan Marinello
Declaración de responsabilidad subsiguiente selección y prólogo Imeldo Alvarez
-- edición Ana María Muñoz
210 ## - Publicación, distribución, etc.
Lugar de publicación, distribución, etc. La Habana
Nombre del editor, distribuidor, etc. Editorial Arte y Literatura
Fecha de publicación, distribución, etc. 1977
215 ## - Descripción física
Designación de material específico y extensión del ítem 568 p
Otras características físicas il.
Dimensiones 23 cm
345 ## - Nota de información de adquisición
Fuente de adquisición/dirección de la suscripción [OBSOLETO] Donación
410 #1 - Series
Título Letras Cubanas
606 ## - Término temático usado como materia
Elemento de entrada Ensayos cubanos
Subdivisión cronológica Siglo XX
Número Koha 5744
660 ## - Código de área geográfica
Código MX
700 ## - Nombre personal - Responsabilidad primaria
Elemento de entrada Marinello
Parte del nombre distinta del elemento de entrada Juan
Fechas 1898-1977
Número Koha 5745
702 ## - Nombre personal - Responsabilidad secundaria
Elemento de entrada Alvarez
Parte del nombre distinta del elemento de entrada Imeldo
Número Koha 5746
702 ## - Nombre personal - Responsabilidad secundaria
Elemento de entrada Muñoz
Parte del nombre distinta del elemento de entrada Ana María
Número Koha 5747
801 #0 - Fuente de origen
Agencia cm
900 ## -
-- 1/15344
900 ## -
-- 710986911\\080198
942 ## - ELEMENTOS DE ENTRADA SECUNDARIOS (KOHA)
Tipo de ítem Koha Livre
996 ## -
-- MEX
-- 751145101
-- MMAG
-- 009737
-- CU864.4 M338EN
-- 20240222LIV
Exemplaires
Estatus retirado Estado de daño Estado de pérdida Fecha de adquisición Biblioteca de origen Biblioteca actual Ubicación en estantería Código de barras Precio de reemplazo Signatura topográfica completa No para préstamo Tipo de ítem Koha Nota pública Nota no pública
      05/08/2025 Casa México Paris Casa México Paris   009737 05/08/2025 CU864.4 M338EN   Livre 20240222LIV 751145101